000 00912nam a2200217Ia 4500
003 Ost
005 20260507075614.0
008 260507s9999||||xx |||||||||||||| ||und||
020 _a9961009819
040 _cfsecg
041 _aara
082 _a336
100 _aحسين، مصطفى حسين
_eمؤلف
245 0 _aالمالية العامة /
_c مصطفى حسين حسين
250 _aطبعة 7
260 _aالجزائر:
_bديوان المطبوعات الجامعية;جامعة باجي مختار: معهد العلوم القانونية والإدارية,
_c2016
300 _a87 صفحة؛
_bإيضاحات ؛
_c27 سم
520 _aتناول هذا الكتاب موضوع المالية العامة، من حيث النفقات العامة والإيرادات العامة والميزانية العامة
653 _aالمالية العامة
942 _cكتاب
999 _c45102
_d45102